| 000 | 00702nam a2200193 a 4500 | ||
|---|---|---|---|
| 001 | 001184955 | ||
| 003 | AM-YeHGA | ||
| 005 | 20250617152752.0 | ||
| 008 | 161026s1977 ||| r 000 0 rus d | ||
| 040 | _aAM-YeHGA | ||
| 041 | 0 | _arus | |
| 100 | 1 | _aФурманов, Дмитрий Андреевич | |
| 245 | 1 | 0 |
_aЧапаев : _bРоман / _cДм. Фурманов. |
| 260 |
_aТомск : _bИзд-во Том. ун-та, _c1977. |
||
| 300 |
_a287 с. : _bил. |
||
| 600 | 1 | 4 | _aЧапаев, Василий Иванович |
| 653 | 0 | _aИностранная военная интервенция и гражданская война в СССР 1918-1920 гг (х. л.) | |
| 090 | _c379183 | ||
| 999 |
_c377273 _d377273 |
||